Normal view MARC view
  • CORNER, DONALD

Entry Personal Name

Number of records used in: 1

001 - CONTROL NUMBER

  • control field: 90733

003 - CONTROL NUMBER IDENTIFIER

  • control field: NUST

005 - DATE AND TIME OF LATEST TRANSACTION

  • control field: 20220330100253.0

008 - FIXED-LENGTH DATA ELEMENTS

  • fixed length control field: 220330|| aca||aabn | a|a d

040 ## - CATALOGING SOURCE

  • Original cataloging agency: NUST
  • Transcribing agency: NUST

100 ## - HEADING--PERSONAL NAME

  • Personal name: CORNER, DONALD

670 ## - SOURCE DATA FOUND

  • Source citation: Work cat.: (NUST): CORNER, DONALD., PASSIVE HOUSE DETAILS /, 2018.
© 2023 Central Library, National University of Sciences and Technology. All Rights Reserved.